<?xml version="1.0" encoding="UTF-8"?>
<record
    xmlns:xsi="http://www.w3.org/2001/XMLSchema-instance"
    xsi:schemaLocation="http://www.loc.gov/MARC21/slim http://www.loc.gov/standards/marcxml/schema/MARC21slim.xsd"
    xmlns="http://www.loc.gov/MARC21/slim">

  <leader>     nam a22     7a 4500</leader>
  <datafield tag="999" ind1=" " ind2=" ">
    <subfield code="c">146352</subfield>
    <subfield code="d">146350</subfield>
  </datafield>
  <controlfield tag="005">20190121122020.0</controlfield>
  <controlfield tag="008">190118b1995    ag ||||| |||| 001 0 spa d</controlfield>
  <datafield tag="020" ind1=" " ind2=" ">
    <subfield code="a">9502008820 v.1</subfield>
  </datafield>
  <datafield tag="020" ind1=" " ind2=" ">
    <subfield code="a">9502007425 v.2</subfield>
  </datafield>
  <datafield tag="020" ind1=" " ind2=" ">
    <subfield code="a">9502007999 v.3 - A - B</subfield>
  </datafield>
  <datafield tag="020" ind1=" " ind2=" ">
    <subfield code="a">9502010418 v.4</subfield>
  </datafield>
  <datafield tag="020" ind1=" " ind2=" ">
    <subfield code="a">9502010620 v.5</subfield>
  </datafield>
  <datafield tag="050" ind1="0" ind2="4">
    <subfield code="a">KHA3230 </subfield>
    <subfield code="b">M37 1995</subfield>
  </datafield>
  <datafield tag="100" ind1="1" ind2=" ">
    <subfield code="a">Marirnhoff, Miguel S.,</subfield>
    <subfield code="e">autor</subfield>
  </datafield>
  <datafield tag="245" ind1="1" ind2="0">
    <subfield code="a">Tratado de derecho administrativo /</subfield>
    <subfield code="c">Miguel S. Marienhoff ; pr&#xF3;logo de Rafael Bielsa ; ep&#xED;logo Benjam&#xED;n Villegas Basavilbaso.</subfield>
  </datafield>
  <datafield tag="250" ind1=" " ind2=" ">
    <subfield code="a">Quinta edici&#xF3;n act.</subfield>
  </datafield>
  <datafield tag="260" ind1=" " ind2=" ">
    <subfield code="a">Buenos Aires :</subfield>
    <subfield code="b">Abeledo-Perrot,</subfield>
    <subfield code="c">1995</subfield>
  </datafield>
  <datafield tag="300" ind1=" " ind2=" ">
    <subfield code="a">6v. ; </subfield>
    <subfield code="c">23 cm.</subfield>
  </datafield>
  <datafield tag="505" ind1="0" ind2="0">
    <subfield code="a">Contenido :</subfield>
    <subfield code="t">V.1 Teor&#xED;a general </subfield>
  </datafield>
  <datafield tag="505" ind1="0" ind2="0">
    <subfield code="a">Contenido :</subfield>
    <subfield code="t">V.2 Servicios p&#xFA;blicos, Actos  de la administraci&#xF3;n p&#xFA;blica</subfield>
  </datafield>
  <datafield tag="505" ind1="0" ind2="0">
    <subfield code="a">Contenido :</subfield>
    <subfield code="t">V.3 - A - B Contratos administrativos , De los los contratos en paricular</subfield>
  </datafield>
  <datafield tag="505" ind1="0" ind2="0">
    <subfield code="a">Contenido :</subfield>
    <subfield code="t">V.4 Limitaciones a la propiedad privada en inter&#xE9;s p&#xFA;blico, Polic&#xED;a. Poder de polic&#xED;a, Responsabilidad  del estado</subfield>
  </datafield>
  <datafield tag="505" ind1="0" ind2="0">
    <subfield code="a">Contenido : </subfield>
    <subfield code="t">V.5 Dominio p&#xFA;blico</subfield>
  </datafield>
  <datafield tag="505" ind1="0" ind2="0">
    <subfield code="a">Contenido :</subfield>
    <subfield code="r">Rafael Bielsa ; Benjam&#xED;n Villegas Basavilbaso</subfield>
    <subfield code="t">V.6 R&#xE9;gimen y legislaci&#xF3;n de las aguas p&#xFA;blicas y privadas</subfield>
  </datafield>
  <datafield tag="650" ind1=" " ind2="7">
    <subfield code="2">lemb</subfield>
    <subfield code="a">Derecho administrativo</subfield>
    <subfield code="z">Argentina</subfield>
  </datafield>
  <datafield tag="700" ind1="1" ind2=" ">
    <subfield code="a">Bielsa, Rafael,</subfield>
    <subfield code="e">pr&#xF3;logo</subfield>
  </datafield>
  <datafield tag="700" ind1="1" ind2=" ">
    <subfield code="a">Basavilbaso, Benjam&#xED;n,</subfield>
    <subfield code="e">ep&#xED;logo</subfield>
  </datafield>
  <datafield tag="942" ind1=" " ind2=" ">
    <subfield code="2">lcc</subfield>
    <subfield code="c">LIB</subfield>
  </datafield>
  <datafield tag="952" ind1=" " ind2=" ">
    <subfield code="1">0</subfield>
    <subfield code="2">lcc</subfield>
    <subfield code="4">0</subfield>
    <subfield code="7">0</subfield>
    <subfield code="a">LIC-002</subfield>
    <subfield code="b">LIC-002</subfield>
    <subfield code="c">CONSULTA</subfield>
    <subfield code="d">2019-01-18</subfield>
    <subfield code="f">5a ed.</subfield>
    <subfield code="h">BFD000011107</subfield>
    <subfield code="i">D</subfield>
    <subfield code="k">CSA</subfield>
    <subfield code="o">KHA3230 M37 1995 V.1 5A ED.</subfield>
    <subfield code="p">BFD0000111071</subfield>
    <subfield code="r">2019-01-18 00:00:00</subfield>
    <subfield code="t">1</subfield>
    <subfield code="y">LIB</subfield>
  </datafield>
  <datafield tag="952" ind1=" " ind2=" ">
    <subfield code="1">0</subfield>
    <subfield code="2">lcc</subfield>
    <subfield code="4">0</subfield>
    <subfield code="7">0</subfield>
    <subfield code="a">LIC-002</subfield>
    <subfield code="b">LIC-002</subfield>
    <subfield code="c">CONSULTA</subfield>
    <subfield code="d">2019-01-18</subfield>
    <subfield code="f">4a ed.</subfield>
    <subfield code="h">BFD000011108</subfield>
    <subfield code="i">D</subfield>
    <subfield code="k">CSA</subfield>
    <subfield code="o">KHA3230 M37 1993 V.2 4A ED. </subfield>
    <subfield code="p">BFD000011108</subfield>
    <subfield code="r">2019-01-18 00:00:00</subfield>
    <subfield code="t">1</subfield>
    <subfield code="y">LIB</subfield>
  </datafield>
  <datafield tag="952" ind1=" " ind2=" ">
    <subfield code="1">0</subfield>
    <subfield code="2">lcc</subfield>
    <subfield code="4">0</subfield>
    <subfield code="7">0</subfield>
    <subfield code="a">LIC-002</subfield>
    <subfield code="b">LIC-002</subfield>
    <subfield code="c">CONSULTA</subfield>
    <subfield code="d">2019-01-18</subfield>
    <subfield code="f">4a ed.</subfield>
    <subfield code="h">BFD000011109</subfield>
    <subfield code="i">D</subfield>
    <subfield code="k">CSA</subfield>
    <subfield code="o">KHA3230 M37 1998 V.3 - A 4A ED. </subfield>
    <subfield code="p">BFD000011109</subfield>
    <subfield code="r">2019-01-18 00:00:00</subfield>
    <subfield code="t">1</subfield>
    <subfield code="y">LIB</subfield>
  </datafield>
  <datafield tag="952" ind1=" " ind2=" ">
    <subfield code="1">0</subfield>
    <subfield code="2">lcc</subfield>
    <subfield code="4">0</subfield>
    <subfield code="7">0</subfield>
    <subfield code="a">LIC-002</subfield>
    <subfield code="b">LIC-002</subfield>
    <subfield code="c">CONSULTA</subfield>
    <subfield code="d">2019-01-18</subfield>
    <subfield code="f">4a ed.</subfield>
    <subfield code="h">BFD000011110</subfield>
    <subfield code="i">D</subfield>
    <subfield code="k">CSA</subfield>
    <subfield code="o">KHA3230 M37 1998 V.3 - B 4A ED. </subfield>
    <subfield code="p">BFD000011110</subfield>
    <subfield code="r">2019-01-18 00:00:00</subfield>
    <subfield code="t">1</subfield>
    <subfield code="y">LIB</subfield>
  </datafield>
  <datafield tag="952" ind1=" " ind2=" ">
    <subfield code="1">0</subfield>
    <subfield code="2">lcc</subfield>
    <subfield code="4">0</subfield>
    <subfield code="7">0</subfield>
    <subfield code="a">LIC-002</subfield>
    <subfield code="b">LIC-002</subfield>
    <subfield code="c">CONSULTA</subfield>
    <subfield code="d">2019-01-18</subfield>
    <subfield code="f">4a ed.</subfield>
    <subfield code="h">BFD000011111</subfield>
    <subfield code="i">D</subfield>
    <subfield code="k">CSA</subfield>
    <subfield code="o">KHA 3230 M37 1997 V.4 6A ED. </subfield>
    <subfield code="p">BFD000011111</subfield>
    <subfield code="r">2019-01-18 00:00:00</subfield>
    <subfield code="t">1</subfield>
    <subfield code="y">LIB</subfield>
  </datafield>
  <datafield tag="952" ind1=" " ind2=" ">
    <subfield code="1">0</subfield>
    <subfield code="2">lcc</subfield>
    <subfield code="4">0</subfield>
    <subfield code="7">0</subfield>
    <subfield code="a">LIC-002</subfield>
    <subfield code="b">LIC-002</subfield>
    <subfield code="c">CONSULTA</subfield>
    <subfield code="d">2019-01-18</subfield>
    <subfield code="f">4a ed.</subfield>
    <subfield code="h">BFD000011112</subfield>
    <subfield code="i">D</subfield>
    <subfield code="k">CSA</subfield>
    <subfield code="o">KHA3230 M37 1998 V.5 4A ED. </subfield>
    <subfield code="p">BFD000011112</subfield>
    <subfield code="r">2019-01-18 00:00:00</subfield>
    <subfield code="t">1</subfield>
    <subfield code="y">LIB</subfield>
  </datafield>
  <datafield tag="952" ind1=" " ind2=" ">
    <subfield code="1">0</subfield>
    <subfield code="2">lcc</subfield>
    <subfield code="4">0</subfield>
    <subfield code="7">0</subfield>
    <subfield code="a">LIC-002</subfield>
    <subfield code="b">LIC-002</subfield>
    <subfield code="c">CONSULTA</subfield>
    <subfield code="d">2019-01-18</subfield>
    <subfield code="f">3a ed.</subfield>
    <subfield code="h">BFD000011113</subfield>
    <subfield code="i">D</subfield>
    <subfield code="k">CSA</subfield>
    <subfield code="o">KHA3230 M37 1996 V.6 3A ED. </subfield>
    <subfield code="p">BFD000011113</subfield>
    <subfield code="r">2019-01-18 00:00:00</subfield>
    <subfield code="t">1</subfield>
    <subfield code="y">LIB</subfield>
  </datafield>
</record>
